• 首页
  • 本馆介绍
  • 公告通知
  • 最新文献
  • 馆藏检索
  • 电子资源
  • 读者导购
  • 参考咨询
  • 我的图书馆
  • 登录
  • 详细信息显示
  • 放入我的书架
  • 预约/预借图书
  • 作者相关作品
  • 分类相关作品
  • 丛书相关作品
  • 出版社相关作品

书目信息

  • 表格格式
  • 工作单格式
  • 卡片格式
题名:
水土修复技术
    
 
作者: 温泉 , 宋俊德 , 贾威 著
分册:  
出版信息: 长春   吉林大学出版社  2021.1
页数: 252页
开本: 26cm
丛书名:
单 册:
中图分类: X171.4
科图分类:
主题词: 水土保持--生态恢复
电子资源:
ISBN: 978-7-5692-1291-4
000 00866nam0 2200253 45
001 012001000577
005 20140911155218.0
010    @a978-7-5692-1291-4@dCNY58.00
100    @a20180411d2017 em y0chiy50 ea
101 0  @achi
102    @aCN@b220000
105    @aa z 000yy
106    @ar
200 1  @a水土修复技术@Ashui tu xiu fu ji shu@b专著@f温泉,宋俊德,贾威著
210    @a长春@c吉林大学出版社@d2021.1
215    @a252页@c图@d26cm
330    @a本书首先简单介绍土壤与水资源的基本特征、迁移及转化过程、修复效果检验和评价,并从流体力学角度对污染物迁移进行分析,重点解决了地下水污染、土壤污染、地表水污染的几种修复技术。
606 0  @a水土保持@x生态恢复
690    @aX171.4@v5
701  0 @a温泉@Awen quan@4著
701  0 @a宋俊德@Asong jun de@4著
701  0 @a贾威@Ajia wei@4著
801  0 @aCN@bBJSDL@c20211011
905    @b1331761-4@dX171.4@e263@f4
    
    水土修复技术/温泉,宋俊德,贾威著.-长春:吉林大学出版社,2021.1
    252页:图;26cm
    
    
    ISBN 978-7-5692-1291-4:CNY58.00
    本书首先简单介绍土壤与水资源的基本特征、迁移及转化过程、修复效果检验和评价,并从流体力学角度对污染物迁移进行分析,重点解决了地下水污染、土壤污染、地表水污染的几种修复技术。
●
相关链接 在E读中查询图书 在五车中查询图书 在当当中查询图书 在豆瓣中查询图书


正题名:水土修复技术     索取号:X171.4/263         预约/预借

序号 登录号 条形码 馆藏地/架位号 状态 备注
1 1331761   213317613   第二样本阅览室/ [索取号:X171.4/263] 在馆    
2 1331762   213317622   第三借阅区/ [索取号:X171.4/263] 在馆    
3 1331763   213317631   第三借阅区/ [索取号:X171.4/263] 在馆    
4 1331764   213317640   第三借阅区/ [索取号:X171.4/263] 在馆    
唐山师范学院图书馆 欢迎您!
大连网信软件有限公司© 版权所有